METHODS IN BIOSTATISTICS (Record no. 43)
[ view plain ]
| 000 -LEADER | |
|---|---|
| fixed length control field | 00286nam a2200133Ia 4500 |
| 082 ## - DEWEY DECIMAL CLASSIFICATION NUMBER | |
| Classification number | 612.015 |
| Item number | M10S |
| 100 ## - MAIN ENTRY--PERSONAL NAME | |
| Personal name | MAHAJAN, B.K. |
| 245 ## - TITLE STATEMENT | |
| Title | METHODS IN BIOSTATISTICS |
| 250 ## - EDITION STATEMENT | |
| Edition statement | 7TH |
| 260 ## - PUBLICATION, DISTRIBUTION, ETC. (IMPRINT) | |
| Name of publisher, distributor, etc | JAYPEE BROTHERS |
| Place of publication, distribution, etc | DELHI |
| Year of Publication | 2010 |
| 300 ## - PAGE DESCRIPTION | |
| No. of Pages | 1-343 |
| 650 ## - SUBJECT ADDED ENTRY--TOPICAL TERM | |
| Topical term or geographic name as entry element | RESEARCH |
| 942 ## - ADDED ENTRY ELEMENTS (KOHA) | |
| Source of classification or shelving scheme | Dewey Decimal Classification |
| Koha item type | Books |
| Withdrawn status | Lost status | Source of classification or shelving scheme | Damaged status | Not for loan | Collection code | Home library | Current library | Shelving location | Date acquired | Vendor Name | Cost, normal purchase price | SGTU | Bill Number | Total Checkouts | Full call number | Accession No. (Barcode) | Date last seen | Bill Date | Koha item type | Date last borrowed |
|---|---|---|---|---|---|---|---|---|---|---|---|---|---|---|---|---|---|---|---|---|
| Dewey Decimal Classification | MEDICAL | SGT Medical Library | SGT Medical Library | Text Book | 06/02/2010 | JAYPEE | 250.00 | SGTU | 7215 | 612.015 M10S | FM303 | 09/02/2015 | 08/03/2011 | Books | ||||||
| Dewey Decimal Classification | MEDICAL | SGT Medical Library | SGT Medical Library | Text Book | 06/02/2010 | JAYPEE | 250.00 | SGTU | 7215 | 612.015 M10S | FM304 | 09/02/2015 | 08/03/2011 | Books | ||||||
| weeded-out | Dewey Decimal Classification | MEDICAL | SGT Medical Library | SGT Medical Library | Text Book | 06/02/2010 | JAYPEE | 250.00 | SGTU | 7215 | 15 | 612.015 M10S | FM305 | 09/09/2021 | 08/03/2011 | Books | 08/09/2021 | |||
| Dewey Decimal Classification | MEDICAL | SGT Medical Library | SGT Medical Library | Text Book | 06/02/2010 | JAYPEE | 250.00 | SGTU | 7215 | 612.015 M10S | FM306 | 09/02/2015 | 08/03/2011 | Books | ||||||
| Dewey Decimal Classification | MEDICAL | SGT Medical Library | SGT Medical Library | Text Book | 06/02/2010 | JAYPEE | 250.00 | SGTU | 7215 | 1 | 612.015 M10S | FM307 | 14/11/2017 | 08/03/2011 | Books | 27/10/2017 |